000 00689nam a22002057a 4500
005 20250214062521.0
999 _c19108
_d19108
008 240213b ||||| |||| 00| 0 eng d
020 _a9781984658395
082 _22022
_aDC 302.231
_bT413
100 _a3G E-Learning.
_933638
245 _aStrategic communications for PR, social media and marketing /
_c3G E-Learning.
260 _aNew York :
_b3G E-Learning LLC,
_c©2022.
300 _axiii, 350 pages :
_bcolor illustrations ;
_c26 cm.
500 _aIncludes references and index.
650 0 _aSocial media.
_927889
650 _aCommunication.
_952382
650 _aInternet in publicity.
_952383
710 _a3G E-Learning.
_933638
942 _2ddc
_cDC